000 00393nam a2200193Ia 4500
001 12736
003 GE_BSU
008 181216s||||||||xx |||||||||||||| ||und||
040 _cGE_BSU
080 _a821.111-312.4
100 _aMcNab,Andy
245 _aFirewall
260 _aBerlin
260 _bCorgi books
260 _c2001
300 _a575p.18cm.
653 _aFirewall
942 _cBK
999 _c45907
_d45907